000 00842nmm a2200265 a 4500
001 ocm000964899
003 TR-IsHL
005 20201028150631.0
008 150110s2012 tu tur
007 cr cn
020 _a9786055315054
035 _a964899
_b(N$T)
050 0 4 _aPL248.T365
_bA975 2012
090 0 4 _aPL248.T365
_bA975 2012
100 1 _aTankut, Tülin
245 1 0 _aAydınlık gecelere yolculuk
_h[electronic resource] /
_cTülin Tankut
260 _aİstanbul :
_bEvrensel Basım Yayın,
_c2012
300 _a377 p.
650 4 _aDil ve Edebiyat
650 4 _aLanguage and Literature
650 0 _aTürk romanı
650 0 _aTurkish fiction
650 7 _aLITERARY COLLECTIONS / Middle Eastern
_2bisacsh
856 4 0 _uhttp://search.ebscohost.com/login.aspx?direct=true&scope=site&db=e011xww&AN=964899
999 _c10580
_d10580